000 00865nam a22002537a 4500
001 92031
003 UA-OsUOA
005 20260421100630.0
007 ta
008 20121210b un ||||| |||| 00| 0 ukr d
020 _a5308016623
040 _aUA-OsUOA
_bukr
_cUA-OsUOA
_dUA-OsUOA
041 _aukr
080 _a821.161.2-1
090 _a821.161.2-1
_bЧ-81
100 _aЧубинський В.
_924884
245 _aВічний бій
_bвірші, роздуми, щоденникові записи, пісні, спогади про В. Чубинського
_cВолодимир Чубинський
260 _aК.
_bРадосинь
_c1993
300 _a177 с.
650 7 _a821.161.2 Українська література
_2UDC
_941
942 _cBK
_2udc
955 _a3
999 _c378277
_d378277